00474nam a2200157Ia 45000010006000000050017000060080041000230410008000640820015000721000039000872450137001262600009002633000028002726500008003006540008003081631320260306170300.0260306t2016||||xx |||||||||||||| ||und|| aESP a348.2bC68 aClaver Campillo, Josep AntonieAUT 0aLa normativa de las Universidades públicas españolas en materia de propiedad industrial:bla patente en la universidad pública c2016 a327 páginas :c22 cm. aGEN aCDE